00902cam a2200253 i 4500003000900000005001700009007000300026008004100029040003000070082002200100100003300122245008000155264003400235300002500269336002700294337003400321338002800355490004300383500006200426500006000488650002900548650002800577700004300605DO-SdBNP20231206083121.0ta751003s2016 gt 000 0 spa d aDO-SdBNPbspacBNPHUerda 4aRD861.44bO66222 aOreamuno, Yolandad1916-195610aProsas escogidas /cYolanda Oreamuno : selección Francisco Morales Santos 1aGuatemala :bCultura, c2016. a79 páginasc21 cm. 2rdacontentatextobtxt 2rdamediaasin mediación bn 2rdacarrieravolumenbnc1 aCrónicaaEnrique Gómez Carrillov9 aIncluye datos biográficos de la autora en las solapas.  aEdición conmemorativa I centenario de su nacimiento.  4aLiteratura costarricense 4aPoesía costarricense 1 aMorales Santos, Franciscoeselección